Statistics for Sims 4 General Knowledge

Click here to take the quiz!

General Stats

  • This quiz has been taken 263 times
  • The average score is 7 of 15

Answer Stats

Answer% Correct
What emotion is the colour pink?Flirty
93%
How many life stages are there? 7
86%
How much money do you get if you type 'motherlode' in? $50,000
80%
When was the Sims 4 released? 2014
76%
How much do you get at the start of a game of you have one sim? $20,000
75%
Is being a vet a job in Cats and Dogs? (when you go on the computer) No
75%
Who is Alexander Goth's sister?Cassandra Goth
64%
What is the Santa Claus called in seasons? Father Winter
56%
Who is Nancy and Geoffrey Landgraabs rejected son? Johnny Zest
40%
What is the name of Brant and Brent Hecking's dog at the start of the game? Rosie
21%
Finish the name: The name of the Goth's house is ______ VillaOphelia
12%
What is Eliza and Bob's son called? Iggy Pancakes
9%
Complete the name:Babs _______L'Amour
7%
How long is the YA life stage on long life span? 96 days
6%
What is Nina Caliante's job at the start of the game? Street vendor
1%

Score Distribution

Percentile by Number Answered

Percent of People with Each Score

Your Score History

You have not taken this quiz